000 00368nam a22001577a 4500
003 MPLRDC
005 20220104144510.0
008 210129b ||||| |||| 00| 0 eng d
082 _a972.2 MTF
100 _a不详
245 _a剪纸艺术入门
_c
260 _a
_b满庭芳出版社
_c1987
300 _b
650 _a纸艺--剪纸
942 _cBK
_o972.2 MTF
999 _c50206
_d50196